<?xml version="1.0" encoding="UTF-8"?>
<record
    xmlns:xsi="http://www.w3.org/2001/XMLSchema-instance"
    xsi:schemaLocation="http://www.loc.gov/MARC21/slim http://www.loc.gov/standards/marcxml/schema/MARC21slim.xsd"
    xmlns="http://www.loc.gov/MARC21/slim">

  <leader>00692nam a22001697a 4500</leader>
  <datafield tag="020" ind1=" " ind2=" ">
    <subfield code="a">978-93-5543-135-6</subfield>
  </datafield>
  <datafield tag="082" ind1=" " ind2=" ">
    <subfield code="a">158</subfield>
    <subfield code="b">NGU/D</subfield>
  </datafield>
  <datafield tag="100" ind1=" " ind2=" ">
    <subfield code="a">NGUYEN, JOSEPH</subfield>
  </datafield>
  <datafield tag="245" ind1=" " ind2=" ">
    <subfield code="a">DON'T BELIEVE EVERYTHING YOU THINK</subfield>
  </datafield>
  <datafield tag="246" ind1=" " ind2=" ">
    <subfield code="a">DON'T BELIEVE EVERYTHING YOU THINK</subfield>
    <subfield code="b">DON'T BELIEVE EVERYTHING YOU THINK</subfield>
  </datafield>
  <datafield tag="250" ind1=" " ind2=" ">
    <subfield code="a">TWELTH</subfield>
  </datafield>
  <datafield tag="260" ind1=" " ind2=" ">
    <subfield code="a">INDIA</subfield>
    <subfield code="b">MANJUL PUBLISHING</subfield>
    <subfield code="c">2024</subfield>
  </datafield>
  <datafield tag="300" ind1=" " ind2=" ">
    <subfield code="a">167</subfield>
  </datafield>
  <datafield tag="520" ind1=" " ind2=" ">
    <subfield code="a">Don't Believe Everything You Think' uncovers the core of psychological suffering and offers insights to effortlessly shape the life you crave. Learn to detach from negativity, embrace love and joy, escape negative thought cycles, and tap into inner wisdom.</subfield>
  </datafield>
  <datafield tag="650" ind1=" " ind2=" ">
    <subfield code="a">PSYCHOLOGY</subfield>
  </datafield>
  <datafield tag="942" ind1=" " ind2=" ">
    <subfield code="c">BK</subfield>
  </datafield>
  <datafield tag="999" ind1=" " ind2=" ">
    <subfield code="c">8740</subfield>
    <subfield code="d">8740</subfield>
  </datafield>
  <datafield tag="952" ind1=" " ind2=" ">
    <subfield code="0">0</subfield>
    <subfield code="1">0</subfield>
    <subfield code="4">0</subfield>
    <subfield code="7">0</subfield>
    <subfield code="8">NFIC</subfield>
    <subfield code="a">MAIN</subfield>
    <subfield code="b">MAIN</subfield>
    <subfield code="d">2024-05-06</subfield>
    <subfield code="e">PURCHASED</subfield>
    <subfield code="g">299.00</subfield>
    <subfield code="l">4</subfield>
    <subfield code="o">158 NGU/D</subfield>
    <subfield code="p">13654</subfield>
    <subfield code="r">2025-10-13</subfield>
    <subfield code="s">2025-10-07</subfield>
    <subfield code="w">2024-07-10</subfield>
    <subfield code="y">BK</subfield>
  </datafield>
</record>
